000 00668nam a22001937a 4500
999 _c159384
_d159384
005 20181215142819.0
010 _aENG-124542
020 _c895.00
_a9789353280802
035 _a EN-108074
037 _bDBAD/PUB.
082 _a720.103
100 _aBhatia, Gautam
245 _aStories of storeys:
_cby Gautam Bhatia
_bart architecture and the city /
260 _aNew Delhi
_bSage Publications India Pvt. Ltd.
_c2018
270 _aB1/I-1, Mohan Cooperative Industrial Area Mathura Road Post Bag 7
_bNew Delhi
_e110044
300 _axi,378p.
_c24cm.(pbk)
_bill.picture
500 _aIt includes about the author
942 _2ddc
_cEN
_mBHA
_h720.103